[Event "GRE Armed Forces-ch"]
[Site "Attica"]
[Date "2019.12.02"]
[Round "1.2"]
[White "Pavlidis, Anastasios"]
[Black "Mylonas, Nikolaos St"]
[Result "1-0"]
[WhiteElo "2257"]
[BlackElo "1447"]
[PlyCount "101"]
[EventDate "2019.12.02"]
[EventType "swiss"]
[EventRounds "9"]
[EventCountry "GRE"]
[SourceTitle "EXT 2024"]
[Source "ChessBase"]
[SourceDate "2023.10.10"]
[SourceVersion "1"]
[SourceVersionDate "2023.10.10"]
[SourceQuality "1"]

1. d4 d5 2. c4 c6 3. Nf3 Nf6 4. e3 Bg4 5. Nc3 e6 6. h3 Bh5 7. g4 Bg6 8. Ne5 Bb4 9. a3 Bxc3+ 10. bxc3 0-0 11. Nxg6 hxg6 12. cxd5 cxd5 13. Qc2 Qc7 14. Bd3 Nbd7 15. Bd2 Nb6 16. g5 Ne8 17. h4 Nc4 18. h5 Nxd2 19. Kxd2 Nd6 20. Rh3 Rac8 21. Rah1 Ne4+ 22. Bxe4 dxe4 23. hxg6 fxg6 24. Rh8+ Kf7 25. Rxf8+ Rxf8 26. Qxe4 Ke7 27. f4 Rf5 28. Rb1 b6 29. Rb4 Kd6 30. Qd3 Qc6 31. Qe2 Ra5 32. Rb3 Qa4 33. Kc2 Qc6 34. e4 Kd7 35. Kb2 Kd6 36. c4 a6 37. Qd2 Qa4 38. Rxb6+ Ke7 39. Qb4+ Qxb4+ 40. axb4 Ra4 41. c5 Kd7 42. Kb3 Ra1 43. Rb7+ Kc6 44. Rb6+ Kd7 45. d5 exd5 46. exd5 Rf1 47. Rxg6 Rxf4 48. Rxg7+ Kd8 49. c6 Rf5 50. d6 Rd5 51. Rg8# 1-0